00470nam a2200157Ia 4500008004100000082002100041100001800062245005200080250000600132260002600138300000800164600001800172630005200190700001800242730005200260151018s9999 xx 000 0 und d bRBASDV41090a150 aRobin Sharma aFamily Wisdom fom the monk who sold his ferrari b1 bJaico pub.housec2005 a198 aRobin Sharma aFamily Wisdom fom the monk who sold his ferrari aRobin Sharma aFamily Wisdom fom the monk who sold his ferrari